[Event "Challenge"]
[Site "http://www.queenalice.com/game.php?id=192157"]
[Date "2007.4.5"]
[Round "-"]
[White "t0shiz"]
[Black "bixiga"]
[Result "1-0"]
[WhiteElo "1207"]
[BlackElo "956"]

1. e4 Nf6 2. Nc3 e5 3. d4 d6 4. Bg5 h6 5. Bh4 g5 6. Bg3 Nc6 7. Nf3 Bg4 8. h3 Bh5
9. dxe5 Nd7 10. exd6 Nf6 11. Nb5 cxd6 12. Bxd6 Nxe4 13. Nc7+ Kd7 14. Bxf8+ Kxc7
15. Bg7 Rg8 16. Bxh6 f6 17. Bc4 Rg6 18. Qd3 Nc5 19. Qd5 Rxh6 20. Qxc5 Qe8+ 21.
Be2 b6 22. Qd5 f5 23. Qxf5 Rd6 24. Qxg5 Re6 25. Qf4+ Kb7 26. Qd2 Rc8 27. g4 Bg6
28. c4 Rc7 29. Ng5 Re5 30. h4 Qg8 31. b3 Be8 32. O-O Qg6 33. f4 Ree7 34. f5 Qg8
35. a4 Bd7 36. Bf3 Qh8 37. h5 Kb8 38. Rfe1 Re8 39. Qd6 Ne5 40. Rad1 Nxf3+ 41.
Nxf3 Qf8 42. Qd5 Bc6 43. Qd3 Rd7 44. Qc3 Re4 45. Rxd7 Bxd7 46. Rxe4 Bc6 47. Re3
a6 48. Nd4 Bd7 49. b4 Qg8 50. b5 Qxg4+ 51. Kf2 Qxh5 52. Re7 Bc8 53. Qd3 Qh4+ 54.
Ke2 Qxe7+ 55. Qe3 Qd7 56. Qe5+ Ka8 57. bxa6 Qxa4 58. Qd5+ Ka7 59. f6 Qa2+ 60.
Ke3 Qh2 61. Nb5+ Kxa6 62. Qa8# 1-0

[Event "Challenge"]
[Site "http://www.queenalice.com/game.php?id=193201"]
[Date "2007.4.7"]
[Round "-"]
[White "Barna"]
[Black "bixiga"]
[Result "1-0"]
[WhiteElo "965"]
[BlackElo "1086"]

1. e4 Nf6 2. Nc3 e5 3. Qf3 Nc6 4. Bc4 Na5 5. Bd3 d5 6. exd5 Bg4 7. Qg3 Qd7 8.
Qxe5+ Be7 9. Nb5 Nxd5 10. Qxg7 O-O-O 11. h3 Qe6+ 12. Ne2 Bh5 13. Nd4 Bf8 14.
Qxh8 Bh6 15. Qxh7 Bxe2 16. Nxe6 fxe6 17. Bxe2 Bf8 18. d4 Nc6 19. Qf7 Bb4+ 20. c3
Bd6 21. Qxe6+ Kb8 22. Qxd5 Ne7 23. Qf7 a6 24. Bg5 Rg8 25. Bxe7 Rxg2 26. Bxd6
cxd6 27. Bf3 Rg5 28. Qxb7# 1-0

[Event "Aeeee MULEKE !!!"]
[Site "http://www.queenalice.com/game.php?id=199127"]
[Date "2007.4.19"]
[Round "-"]
[White "bixiga"]
[Black "pabloitu"]
[Result "0-1"]
[WhiteElo "926"]
[BlackElo "1364"]

1. e4 e5 2. Bc4 Qf6 3. Qe2 Bc5 4. d4 Bxd4 5. Nf3 Nc6 6. Nxd4 Nxd4 7. Qd3 Qg6 8.
g3 Qh5 9. Nc3 c6 10. O-O b5 11. Nxb5 cxb5 12. Bd5 Nf3+ 13. Kg2 Rb8 14. b3 d6 15.
Ba3 Bh3+ 16. Kh1 Bxf1 17. Qxf1 Qxh2# 0-1

[Event "AUTO-OPEN-644"]
[Site "http://www.queenalice.com/game.php?id=205212"]
[Date "2007.5.2"]
[Round "1"]
[White "DSRelva"]
[Black "bixiga"]
[Result "1-0"]
[WhiteElo "1843"]
[BlackElo "1119"]

1. e4 Nf6 2. Nc3 e5 3. Bc4 Qe7 4. Nf3 Qc5 5. d3 Qb6 6. Nxe5 Nxe4 7. dxe4 Qf6 8.
Nf3 d6 9. Bg5 Qg6 10. Qd3 f6 11. Bf4 Nc6 12. g3 Ne5 13. Nxe5 fxe5 14. Bd2 a6 15.
O-O-O Be7 16. Nd5 Bd8 17. Be3 b5 18. Bb3 Qh5 19. h4 Bg4 20. Rd2 c6 21. Nc3 g5
22. Qxd6 Bf3 23. Qxe5+ Be7 24. Qxh8+ Bf8 25. Qe5+ Be7 26. Bc5 Ra7 27. Bxe7 Rxe7
28. Qh8# 1-0

[Event "AUTO-OPEN-644"]
[Site "http://www.queenalice.com/game.php?id=205213"]
[Date "2007.5.2"]
[Round "1"]
[White "bixiga"]
[Black "DSRelva"]
[Result "0-1"]
[WhiteElo "1119"]
[BlackElo "1817"]

1. d4 d5 2. Nc3 Nf6 3. Bf4 Bf5 4. Bg3 e6 5. Qd2 Bb4 6. f3 O-O 7. O-O-O Nbd7 8.
e4 dxe4 9. a3 Bxc3 10. bxc3 exf3 11. gxf3 c6 12. Bc4 b5 13. Bb3 Qa5 14. a4 bxa4
15. Ba2 a3 16. Bd6 Qb6 17. Bb3 Rfe8 18. Ne2 a5 19. Bxa3 a4 20. Ba2 e5 21. Ng3
Be6 22. c4 exd4 23. Ne4 Nxe4 24. fxe4 c5 25. c3 dxc3 26. Qxc3 Bg4 27. Rdg1 Qh6+
28. Qd2 Qxd2+ 29. Kxd2 Bf3 30. Ke3 Bxe4 31. Kf2 Bxh1 32. Rxh1 Re7 33. Rg1 Rae8
34. Bb1 Re2+ 35. Kf1 Re1+ 36. Kg2 Rxg1+ 37. Kxg1 Re1+ 38. Kf2 Rxb1 39. Ke2 Ra1
40. Kd3 Rxa3+ 41. Ke4 Rh3 42. Kd5 Rxh2 43. Kc6 Rd2 44. Kb5 a3 45. Ka4 a2 46. Kb5
a1=Q 47. Kc6 Qa6+ 48. Kc7 Qb6+ 49. Kc8 Qb8# 0-1

[Event "Challenge"]
[Site "http://www.queenalice.com/game.php?id=206777"]
[Date "2007.5.6"]
[Round "-"]
[White "Lauermann"]
[Black "bixiga"]
[Result "1-0"]
[WhiteElo "1689"]
[BlackElo "998"]

1. e3 e5 2. Qh5 Nc6 3. Bc4 Nh6 4. d4 Bb4+ 5. c3 Ba5 6. e4 g6 7. Qf3 Qe7 8. d5
Qc5 9. Nd2 b5 10. Nb3 Qxc4 11. Bxh6 Ne7 12. Nxa5 Qa4 13. b4 f5 14. Nh3 Qa3 15.
Ng5 Qb2 16. O-O Qd2 17. Bg7 Rg8 18. Bxe5 d6 19. Bf4 Qc2 20. Nxh7 fxe4 21. Qe3
Nf5 22. Nf6+ Kf7 23. Qxe4 Kxf6 24. Qxc2 Ne7 25. Rae1 Bf5 26. Qd2 g5 27. Qd4+ Kf7
28. Nc6 Ng6 29. Bxg5 a5 30. Qf6# 1-0

[Event "Challenge"]
[Site "http://www.queenalice.com/game.php?id=210005"]
[Date "2007.5.12"]
[Round "-"]
[White "HamonRN"]
[Black "bixiga"]
[Result "0-1"]
[WhiteElo "1374"]
[BlackElo "998"]

1. Nf3 e6 2. e3 Bc5 3. Ne5 Qe7 4. g3 Qf6 5. Qh5 Nh6 6. d4 Bb4+ 7. c3 g6 8. Qxh6
Ba5 9. e4 Rg8 10. Bg5 Qh8 11. Bb5 f6 12. Bf4 c6 13. b4 Bb6 14. Ba4 a5 15. Bb3
axb4 16. O-O d6 17. Nd3 e5 18. dxe5 dxe5 19. Be3 Bd8 20. cxb4 Be7 21. Rc1 Bf8
22. Qh4 Qg7 23. b5 Qd7 24. Bxg8 h5 0-1

[Event "Challenge"]
[Site "http://www.queenalice.com/game.php?id=210153"]
[Date "2007.5.13"]
[Round "-"]
[White "MariaClara"]
[Black "bixiga"]
[Result "1-0"]
[WhiteElo "1385"]
[BlackElo "1104"]

1. e4 Nf6 2. d3 e6 3. Nc3 Bc5 4. Bg5 c6 5. e5 Bd4 6. Na4 Qa5+ 7. c3 Bxe5 8. d4
Bd6 9. Nf3 Ne4 10. Bc4 f6 11. Bh4 e5 12. O-O c5 13. b4 Qc7 14. dxc5 Be7 15. Qe2
Qc6 16. Qc2 d5 17. b5 Qe6 18. Rad1 Nxc5 19. Nxc5 Bxc5 20. Bxd5 Qb6 21. a4 g5 22.
Bg3 Nd7 23. c4 a6 24. a5 Qxa5 25. Rfe1 Bb4 26. h4 1-0

[Event "Challenge"]
[Site "http://www.queenalice.com/game.php?id=210541"]
[Date "2007.5.14"]
[Round "-"]
[White "bixiga"]
[Black "Hugo62"]
[Result "0-1"]
[WhiteElo "1097"]
[BlackElo "1220"]

1. Nc3 Nf6 2. d4 e6 3. Qd3 b6 4. Qc4 Nc6 5. e3 g6 6. e4 Bd6 7. Bh6 Qe7 8. e5 Ng8
9. exd6 cxd6 10. O-O-O Nf6 11. Nf3 a5 12. Na4 Rb8 13. Bg7 Rg8 14. Bh6 Ng4 15.
Rg1 Nxh6 16. d5 exd5 17. Qxd5 Nb4 18. Ng5 Nxd5 19. Nxh7 Nf5 20. Rxd5 b5 21. Nc3
Ba6 22. Rd1 Rg7 23. g4 Nh4 24. a4 bxa4 25. Nd5 Qe5 26. Nc7+ Kd8 27. Nxa6 Rxb2
28. Rg3 a3 29. Re3 Qf4 30. Bb5 Rxb5 31. Rd3 Qxf2 32. Rb3 Qg1+ 33. Kd2 Rxb3 34.
cxb3 a2 35. Re1 Qd4+ 36. Kc2 Rxh7 37. Ra1 Qxa1 38. b4 Nf3 39. h3 Rxh3 40. Kb3
Nd2+ 41. Ka4 Nc4 42. Kb5 Qc1 43. bxa5 a1=Q 44. Nc5 Qxa5# 0-1

[Event "Valendo uma Cerveja !!!"]
[Site "http://www.queenalice.com/game.php?id=251096"]
[Date "2007.8.4"]
[Round "-"]
[White "pabloitu"]
[Black "bixiga"]
[Result "0-1"]
[WhiteElo "1329"]
[BlackElo "1082"]

1. e3 d5 2. Qf3 Be6 3. b3 Nd7 4. c4 Ndf6 5. cxd5 Nxd5 6. Bc4 c6 7. e4 g6 8. Bb2
b5 9. Be2 Ngf6 10. exd5 Bxd5 11. Qe3 Bg7 12. Qc5 Bh6 13. a4 a6 14. axb5 cxb5 15.
Bf3 Rc8 16. Qa7 Rc2 17. Kd1 Rxb2 18. Kc1 Rxb3 19. Rxa6 Be4 20. Bxe4 Nxe4 21. Nf3
O-O 22. Re1 Rb4 23. Nc3 Nxf2 24. Qxf2 Qc8 25. Qe3 Bxe3 26. Rxe3 Qxa6 27. Nd5
Rc4+ 28. Kd1 e6 29. Nf6+ Kg7 30. Nd7 Rd8 31. Nde5 Rc5 32. d4 Rc7 33. Ng5 f6 34.
Ngf3 fxe5 35. Rxe5 h6 36. d5 exd5 37. Nd4 Qa4+ 38. Kd2 Qxd4+ 39. Ke2 Qxe5+ 40.
Kf1 Qd4 41. Ke1 Qd3 42. h3 Rf8 43. h4 Rc1# 0-1

[Event "Challenge"]
[Site "http://www.queenalice.com/game.php?id=251105"]
[Date "2007.8.4"]
[Round "-"]
[White "robertolanger"]
[Black "bixiga"]
[Result "0-1"]
[WhiteElo "1319"]
[BlackElo "1116"]

1. e4 d6 2. d4 Nf6 3. Bd3 Bg4 4. Be2 h5 5. Bxg4 Nxg4 6. f3 Nf6 7. d5 c6 8. dxc6
bxc6 9. Nh3 d5 10. exd5 cxd5 11. Qd4 Nc6 12. Qa4 Qc8 13. Bf4 a5 14. Nc3 Nd7 15.
Nxd5 Nc5 16. Qc4 Nb4 17. O-O Qc6 18. Rae1 Nxd5 19. Be3 Nb6 20. Qxc5 Rc8 21. Qxa5
Nc4 22. Qb4 e5 23. Qc3 Be7 24. b3 Na5 25. Qxa5 f6 26. c4 O-O 27. f4 Ra8 28. Qd2
Qc7 29. fxe5 Qxe5 30. Bf4 Rad8 31. Rxe5 Rxd2 0-1

[Event "mais uma.. =)"]
[Site "http://www.queenalice.com/game.php?id=277504"]
[Date "2007.9.26"]
[Round "-"]
[White "bixiga"]
[Black "pabloitu"]
[Result "1-0"]
[WhiteElo "1146"]
[BlackElo "1352"]

1. e4 d6 2. Bb5+ Bd7 3. Qe2 a6 4. Bc4 Nc6 5. Nf3 Nb4 6. d3 e6 7. Qd2 d5 8. exd5
exd5 9. Bb3 Qf6 10. Nc3 d4 11. Nd5 Qc6 12. Bc4 b5 13. Nxc7+ Qxc7 14. a3 bxc4 15.
axb4 cxd3 16. Nxd4 Qc4 17. cxd3 Qxd4 18. Qe2+ Be6 19. b5 Bb4+ 20. Bd2 Qxb2 21.
Rd1 axb5 22. O-O O-O-O 23. d4 Rxd4 24. Rc1+ Kd8 25. Rfd1 Bxd2 26. Qf1 Rh4 27. g3
Re4 28. Re1 Qb4 29. Re3 Bc4 30. Qd1 Bd5 31. Qc2 Bc4 32. Rxe4 h5 33. Rd1 Nf6 34.
Rxd2+ Bd5 35. Rxb4 Re8 36. Qc1 h4 37. gxh4 Rh8 38. Rxb5 Kd7 39. Rbxd5+ Nxd5 40.
Rxd5+ Ke7 41. Qg5+ Ke6 42. Qe5# 1-0

[Event "Challenge"]
[Site "http://www.queenalice.com/game.php?id=352768"]
[Date "2008.2.11"]
[Round "-"]
[White "bixiga"]
[Black "pabloitu"]
[Result "0-1"]
[WhiteElo "1175"]
[BlackElo "1319"]

1. e4 e5 2. Qf3 Nf6 3. Nh3 Bc5 4. Qc3 Nxe4 5. Qxe5+ Qe7 6. Qxc7 Nc6 7. Qf4 Nxf2+
8. Be2 Nxh1 9. Ng5 Nd4 10. b4 Qxe2# 0-1

[Event "Challenge"]
[Site "http://www.queenalice.com/game.php?id=378744"]
[Date "2008.3.29"]
[Round "-"]
[White "bixiga"]
[Black "pabloitu"]
[Result "0-1"]
[WhiteElo "1163"]
[BlackElo "1350"]

1. e3 e5 2. Bd3 Qf6 3. Nf3 Nh6 4. Nc3 d5 5. Nxd5 Qd6 6. e4 Qc5 7. Nxe5 Bd6 8. f4
Bxe5 9. fxe5 Ng4 10. Ne3 h5 11. h3 f6 12. hxg4 Bxg4 13. Be2 O-O 14. d4 Qa5+ 15.
c3 Rd8 16. e6 Kf8 17. Nc4 Qb5 18. a4 Qc6 19. Qc2 Qxe6 20. e5 fxe5 21. dxe5 Qc6
22. Rg1 b5 23. Bg5 Re8 24. Rf1+ Kg8 25. Rf2 bxc4 26. b3 Rxe5 27. Qd2 Rxg5 28.
Qxg5 Be6 29. Rd1 Nd7 30. Rf4 Rf8 31. Bxh5 cxb3 32. Bg6 Qxc3+ 33. Ke2 Ne5 34. Qh5
Nxg6 35. Qxg6 Bc4+ 36. Kf2 Rxf4+ 37. Kg1 b2 38. Kh2 Bf7 39. Qg5 Qc2 40. Rd8+ Kh7
41. Qxf4 b1=Q 42. Qxf7 Kh6 43. Kh3 Qbb3+ 44. Kg4 Qxf7 45. Rh8+ Kg6 46. a5 Qc3
47. g3 Qff3+ 48. Kh3 Qxg3# 0-1

[Event "mais uma"]
[Site "http://www.queenalice.com/game.php?id=400422"]
[Date "2008.5.9"]
[Round "-"]
[White "pabloitu"]
[Black "bixiga"]
[Result "1-0"]
[WhiteElo "1337"]
[BlackElo "1149"]

1. e4 d5 2. exd5 Qxd5 3. Qf3 Qe6+ 4. Ne2 Na6 5. Nc3 Qb6 6. Nd5 Qc5 7. d4 Qd6 8.
Bf4 Qc6 9. Nec3 e6 10. Bb5 exd5 11. Qxd5 Ke7 12. Bxc6 bxc6 13. Qxc6 Rb8 14. Nd5+
Kd8 15. O-O-O h6 16. Rhe1 Ne7 17. Bxc7+ Nxc7 18. Qxc7+ Ke8 19. Rxe7+ Bxe7 20.
Qxe7# 1-0

[Event "Challenge"]
[Site "http://www.queenalice.com/game.php?id=400433"]
[Date "2008.5.9"]
[Round "-"]
[White "ORNELAS"]
[Black "bixiga"]
[Result "1-0"]
[WhiteElo "1445"]
[BlackElo "1154"]

1. d4 Nc6 2. c3 e5 3. d5 Na5 4. e4 Nf6 5. Nd2 c6 6. b4 cxd5 7. Bd3 Nc6 8. Bb5
dxe4 9. Nc4 a6 10. Bxc6 bxc6 11. Nd6+ Bxd6 12. Qxd6 Ng4 13. Ne2 e3 14. Bxe3 c5
15. bxc5 Ra7 16. Rd1 Qf6 17. O-O Qe6 18. Qb8 Rb7 19. Qd6 Qxa2 20. Ng3 Kd8 21.
Bd2 Qa3 22. Nf5 Rc7 23. Qe7# 1-0

[Event "Fregueeesssss"]
[Site "http://www.queenalice.com/game.php?id=410394"]
[Date "2008.5.30"]
[Round "-"]
[White "pabloitu"]
[Black "bixiga"]
[Result "1-0"]
[WhiteElo "1369"]
[BlackElo "1141"]

1. e4 d5 2. Qf3 e6 3. Nh3 Nc6 4. Ng5 Nh6 5. Bd3 Nd4 6. Qf4 f6 7. exd5 Qxd5 8.
Nc3 Qxg2 9. Be4 Qxg5 10. Qxc7 e5 11. Nd5 Nf7 12. d3 Nb5 13. Qa5 a6 14. Bxg5 Nxg5
15. c4 Nd6 16. Nc7+ Ke7 17. Nxa8 Ngxe4 18. Qc7+ Ke6 19. dxe4 Nxe4 20. Qxc8+ Kf7
21. c5 Bxc5 22. Qxh8 Bd4 23. Nc7 Bxb2 24. Qe8# 1-0